Normal view MARC view
  • Mazda, F.F

Entry Personal Name

Number of records used in: 4

001 - CONTROL NUMBER

  • control field: 68015

003 - CONTROL NUMBER IDENTIFIER

  • control field: NUST

005 - DATE AND TIME OF LATEST TRANSACTION

  • control field: 20210628203946.0

008 - FIXED-LENGTH DATA ELEMENTS

  • fixed length control field: 210628|| aca||aabn | a|a d

040 ## - CATALOGING SOURCE

  • Original cataloging agency: NUST
  • Transcribing agency: NUST

100 ## - HEADING--PERSONAL NAME

  • Personal name: Mazda, F.F

670 ## - SOURCE DATA FOUND

  • Source citation: Work cat.: (NUST): Mazda, F.F, Power electronic handbook , components circuits and applications, 1990
© 2023 Central Library, National University of Sciences and Technology. All Rights Reserved.